| 000 | 00368nam a22001217a 4500 | ||
|---|---|---|---|
| 008 | 230609b xxu||||| |||| 00| 0 eng d | ||
| 082 |
_a354.676 _bGOK |
||
| 245 | _a2010/2011 Estimates of Recurrent Expenditure of the Government of Kenya for the Year Ending 30th June, 2011 | ||
| 260 |
_aNairobi,Kenya _bGOK _cJune,2010 |
||
| 300 | _aX,657p | ||
| 440 | _vI | ||
| 942 |
_2ddc _cBK |
||
| 999 |
_c992 _d992 |
||